Quick Pick: Drinks in Movie Titles Quiz Stats

Quiz Updated Jun 3, 2016

Challenge
Share
Tweet
Embed
Score 0/10 Timer 01:00
8 Plays Today
% Correct
Tequila
90.8%
Whiskey
83.2%
Cider
82.8%
Tea
82.5%
Wine
78.2%
Rum
72.3%
Water
67.4%
Coffee
66.6%
Milk
66.2%
Beer
49%

Today's Daily Dose

You're not logged in!

Compare scores with friends on all Sporcle quizzes.
Join for Free
OR
Log In

You Might Also Like...

Show Comments

Extras

Top Quizzes Today


Score Distribution

Your Account Isn't Verified!

In order to create a playlist on Sporcle, you need to verify the email address you used during registration. Go to your Sporcle Settings to finish the process.

Report this User

Report this user for behavior that violates our Community Guidelines.

Details: